[Event "8th ch-Euro"]
[Site "Dresden GER"]
[Date "2007.04.03"]
[Round "1"]
[White "Becker,Mart"]
[Black "Brkic,A"]
[Result "1/2-1/2"]
[WhiteElo "2332"]
[BlackElo "2570"]

1.d4 Nf6 2.c4 g6 3.Nc3 d5 4.cxd5 Nxd5 5.e4 Nxc3 6.bxc3 Bg7 7.Nf3 c5 8.Rb1 O-O
9.Be2 Nc6 10.d5 Ne5 11.Nxe5 Bxe5 12.Qd2 e6 13.f4 Bc7 14.O-O exd5 15.exd5 Ba5
16.f5 Bxf5 17.Rxb7 Qd6 18.Rb5 Bc7 19.g3 Rae8 20.c4 a6 21.Rb7 Ba5 22.Qxa5 Rxe2
23.Bb2 Rc2 24.Qa4 Rd2 25.Re1 Bh3 26.Qb3 Rg2+ 27.Kh1 Rf2 28.Qe3 Rc2 29.Be5 Re8
30.Rbb1 Rxe5 31.Qxe5 Qxe5 32.Rxe5 Rxc4 33.d6 Rd4 34.Rxc5 Rxd6 35.Rc2 Kg7
36.Rcb2 Bf5 37.Re1 h5 38.Kg2 Rd3 39.Kf2 Be6 40.Re3 Rd1 41.Rc3 h4 42.gxh4 Kh6
43.Rc5 Rd3 44.Ra5 Rd6 45.Ke3 Bf5 46.Rd2 Re6+ 47.Kd4 Kh5 48.Kc5 Kxh4 49.Ra3 Kg5
50.Rd8 Re2 51.Rh8 Be6 52.Rxa6 Rxa2 53.Rxa2 Bxa2 54.Kd4  1/2-1/2

[Event "8th ch-Euro"]
[Site "Dresden GER"]
[Date "2007.04.04"]
[Round "2"]
[White "Beliavsky,A"]
[Black "Marzolo,C"]
[Result "1-0"]
[WhiteElo "2639"]
[BlackElo "2472"]

1.d4 Nf6 2.c4 g6 3.Nc3 d5 4.cxd5 Nxd5 5.e4 Nxc3 6.bxc3 Bg7 7.Bc4 O-O 8.Ne2 c5
9.O-O Nc6 10.Be3 e6 11.dxc5 Ne5 12.Bb3 Bd7 13.Nd4 Qa5 14.Qe2 Qxc3 15.Rfd1 Qa5
16.Rac1 Rad8 17.f4 Nc6 18.Nb5 Ne7 19.Nd6 Bc6 20.Qc4 Qc7 21.Bd4 Bxd4+ 22.Qxd4 b6
23.h4 bxc5 24.Qxc5 Qb6 25.Qxb6 axb6 26.g4 Kg7 27.Kf2 Ra8 28.Ke3 Rfd8 29.Nc4 Rxd1
30.Rxd1 Rb8 31.Rd6 b5 32.Ne5 Be8 33.g5 h5 34.Ra6 Rc8 35.Ra7 Kf8 36.Kd4 Rd8+
37.Kc5 Rc8+ 38.Kd6 Rd8+ 39.Nd7+ Bxd7 40.Rxd7  1-0

[Event "8th ch-Euro"]
[Site "Dresden GER"]
[Date "2007.04.04"]
[Round "2"]
[White "Kotanjian,T"]
[Black "Swinkels,R"]
[Result "1-0"]
[WhiteElo "2524"]
[BlackElo "2428"]

1.d4 Nf6 2.c4 g6 3.Nc3 d5 4.cxd5 Nxd5 5.e4 Nxc3 6.bxc3 Bg7 7.Be3 c5 8.Rc1 Qa5
9.Qd2 cxd4 10.cxd4 Qxd2+ 11.Bxd2 O-O 12.Nf3 Rd8 13.Bg5 Bg4 14.d5 Nd7 15.Be2 Rdc8
16.O-O e6 17.h3 Bxf3 18.Bxf3 exd5 19.exd5 Ne5 20.Be2 f6 21.Be3 Nf7 22.Bb5 Bf8
23.Bd7 Rxc1 24.Rxc1 Bd6 25.Bc5 Bf4 26.Rc4 g5 27.g3 Ne5 28.Be6+ Kg7 29.Rc2 Nf3+
30.Kf1 Be5 31.Ke2 b6 32.Be3 Nd4+ 33.Bxd4 Bxd4 34.Rc7+ Kh8 35.f4 gxf4 36.gxf4 Bc5
37.Kf3 h5 38.Ke4 a5 39.Kf5 Re8 40.Kg6  1-0

[Event "8th ch-Euro"]
[Site "Dresden GER"]
[Date "2007.04.05"]
[Round "3"]
[White "Kanep,M"]
[Black "Bakalarz,M"]
[Result "1/2-1/2"]
[WhiteElo "2504"]
[BlackElo "2378"]

1.d4 Nf6 2.c4 g6 3.Nc3 d5 4.cxd5 Nxd5 5.e4 Nxc3 6.bxc3 Bg7 7.Bc4 c5 8.Ne2 Nc6
9.Be3 cxd4 10.cxd4 b5 11.Bd5 Bd7 12.O-O e6 13.Bb3 Na5 14.Qd2 O-O 15.Bg5 f6
16.Bh6 Nxb3 17.axb3 Bxh6 18.Qxh6 Bc6 19.Qe3 a5 20.Rfc1 Rc8 21.Rc5 Bd7 22.Rxc8 Bxc8
23.Qc3 f5 24.Qxa5 Qxa5 25.Rxa5 fxe4 26.Nc3 Bd7 27.Nxe4 Bc6 28.Nc3 Rd8 29.Ra6 Be8
30.Rxe6 Bf7 31.Re1 b4 32.Ne2 Bxb3 33.Rc1 Bf7 34.Kf1 b3 35.Ke1 Be6 36.Rb1 g5
37.Kd2 Bc4 38.Rb2 Bxe2 39.Kxe2 Rxd4 40.Rxb3 Kg7 41.Rb6 Ra4 42.Kf3 h5 43.h3 Ra3+
44.Ke4 Ra4+ 45.Kf5 Ra5+ 46.Ke4 Ra4+ 47.Kd3 Ra2 48.Rb7+ Kg6 49.Rb6+ Kg7 50.Ke3 Ra3+
51.Kd4 Ra2  1/2-1/2

[Event "8th ch-Euro"]
[Site "Dresden GER"]
[Date "2007.04.07"]
[Round "5"]
[White "Kanep,M"]
[Black "Brendel,O"]
[Result "1-0"]
[WhiteElo "2504"]
[BlackElo "2370"]

1.d4 Nf6 2.c4 g6 3.Nc3 d5 4.cxd5 Nxd5 5.e4 Nxc3 6.bxc3 Bg7 7.Bc4 c5 8.Ne2 O-O
9.O-O Nc6 10.Be3 Qc7 11.Rc1 Rd8 12.Bf4 Qd7 13.dxc5 Ne5 14.Bxe5 Bxe5 15.Qb3 Rf8
16.f4 Bg7 17.f5 gxf5 18.Rxf5 Qd2 19.Rxf7 Rxf7 20.Bxf7+ Kh8 21.Bh5 Qh6 22.Rd1 Be6
23.Qxb7 Rg8 24.Bf3 Be5 25.Qxe7 Qxh2+ 26.Kf2 Bc7 27.Qf6+ Rg7 28.Qxe6 Qh4+  1-0

[Event "8th ch-Euro"]
[Site "Dresden GER"]
[Date "2007.04.07"]
[Round "5"]
[White "Stefansson,H"]
[Black "Swinkels,R"]
[Result "1-0"]
[WhiteElo "2576"]
[BlackElo "2428"]

1.d4 Nf6 2.c4 g6 3.Nc3 d5 4.cxd5 Nxd5 5.e4 Nxc3 6.bxc3 Bg7 7.Qa4+ Nd7 8.Bg5 O-O
9.Nf3 c5 10.Rd1 h6 11.Bh4 Qc7 12.Qa3 cxd4 13.cxd4 Nb6 14.Be2 Nc4 15.Rc1 b5
16.Bxc4 bxc4 17.O-O e6 18.Ne5 Bxe5 19.dxe5 Qxe5 20.Rxc4 Bb7 21.Bg3 Qg7 22.Bd6 Rfc8
23.Rxc8+ Rxc8 24.e5 Bd5 25.Qa6 Ra8 26.Rc1 g5 27.a3 Qg6 28.f3 g4 29.fxg4 Bxg2
30.Rc8+ Rxc8 31.Qxc8+ Kh7 32.Kxg2 Qxg4+ 33.Kf2 Qf4+ 34.Ke1 Qxh2 35.Qc3 Qg1+
36.Kd2 Qf2+ 37.Kc1 h5 38.Be7 h4 39.Qc4 Qe1+ 40.Kc2 Qxe5 41.Qxh4+ Kg6 42.Qg4+ Kh7
43.Qh3+ Kg6 44.Qg2+ Kh6 45.Qh1+ Qh5 46.Bf8+ Kg6 47.Qg1+ Qg5 48.Qxa7 Qg2+
49.Kc3 Qf3+ 50.Kb4 Qe4+ 51.Kc3 Qf3+ 52.Kb4 Qe4+ 53.Kb5 Qd3+ 54.Kc6 e5 55.Bc5 f5
56.a4 f4 57.Qd7 Qc4 58.Kd6 Qd3+ 59.Ke7 Qc3 60.Qg4+ Kh7 61.Kf7 Qc4+ 62.Qe6 Qd3
63.Bf8  1-0

[Event "FSGM April"]
[Site "Budapest HUN"]
[Date "2007.04.08"]
[Round "2"]
[White "Bui Vinh"]
[Black "Antal,Ge"]
[Result "1/2-1/2"]
[WhiteElo "2483"]
[BlackElo "2448"]

1.d4 Nf6 2.c4 g6 3.Nc3 d5 4.cxd5 Nxd5 5.e4 Nxc3 6.bxc3 Bg7 7.Bb5+ c6 8.Ba4 O-O
9.Ne2 c5 10.O-O Nc6 11.Be3 Na5 12.Rb1 Nc4 13.Bg5 h6 14.Bc1 cxd4 15.cxd4 a6
16.d5 e6 17.Nf4 exd5 18.Nxd5 b5 19.Bb3 Be6 20.a4 Re8 21.axb5 axb5 22.Bf4 Bxd5
23.Qxd5 Qxd5 24.exd5 Rad8 25.Rfd1 Rd7 26.Rbc1 Re4 27.Bg3 Bb2 28.f3 Rd4 29.Rxd4 Bxd4+
30.Bf2 Bf6 31.Bxc4 bxc4 32.Rxc4 Rxd5  1/2-1/2

[Event "8th ch-Euro"]
[Site "Dresden GER"]
[Date "2007.04.08"]
[Round "6"]
[White "Pert,R"]
[Black "Neverov,V"]
[Result "1/2-1/2"]
[WhiteElo "2450"]
[BlackElo "2539"]

1.d4 Nf6 2.c4 g6 3.Nc3 d5 4.cxd5 Nxd5 5.e4 Nxc3 6.bxc3 Bg7 7.Bc4 c5 8.Ne2 Nc6
9.Be3 O-O 10.O-O Bd7 11.Rb1 Rc8 12.Bd3 Na5 13.d5 e6 14.c4 a6 15.a4 exd5 16.exd5 Re8
17.Qc2 b6 18.Nc3 Nb7 19.Qb3 Na5 20.Qc2 Nb7 21.Qb3 Na5  1/2-1/2

[Event "8th ch-Euro"]
[Site "Dresden GER"]
[Date "2007.04.08"]
[Round "6"]
[White "Williams,Si1"]
[Black "Kurnosov,I"]
[Result "1/2-1/2"]
[WhiteElo "2483"]
[BlackElo "2580"]

1.d4 Nf6 2.c4 g6 3.Nc3 d5 4.cxd5 Nxd5 5.e4 Nxc3 6.bxc3 Bg7 7.Bc4 c5 8.Ne2 Nc6
9.Be3 O-O 10.O-O Na5 11.Bd3 b6 12.Rc1 e5 13.dxc5 Be6 14.c4 bxc5 15.Bxc5 Bh6
16.Rc2 Re8 17.Nc3 Rc8 18.Bxa7 Re7 19.Be3 Bxe3 20.fxe3 Nxc4 21.Nd5 Bxd5 22.Bxc4 Bxe4
23.Rd2 Qc7 24.Bb3 Kg7 25.Qe2 Qb6 26.Qf2 Rc3 27.Bxf7 Qxe3  1/2-1/2

[Event "8th ch-Euro"]
[Site "Dresden GER"]
[Date "2007.04.08"]
[Round "6"]
[White "Jorczik,J"]
[Black "Marzolo,C"]
[Result "0-1"]
[WhiteElo "2294"]
[BlackElo "2472"]

1.d4 Nf6 2.c4 g6 3.Nc3 d5 4.cxd5 Nxd5 5.e4 Nxc3 6.bxc3 Bg7 7.Bc4 c5 8.Ne2 Nc6
9.Be3 O-O 10.Rc1 cxd4 11.cxd4 Qa5+ 12.Kf1 Qa3 13.Rc3 Qd6 14.h4 h5 15.Rd3 Rd8
16.a3 Na5 17.Ba2 Bd7 18.Bd2 Qa6 19.Bg5 Bb5 20.Rf3 Rxd4 21.Bxf7+ Kh8 22.Bd2 Rad8
23.Bd5 Bxe2+ 24.Qxe2 Rxd2 25.Qxa6 bxa6 26.g3 Rf8 27.Rxf8+ Bxf8 28.Kg2 Rc2
29.Rb1 Nc4 30.Rb8 Kg7 31.Rb3 Ne5 32.Rb7 Ng4 33.Rxa7 Rxf2+ 34.Kg1 Rf3 35.Rxa6 Rxg3+
36.Kf1 Rh3 37.Kg2 Rxh4 38.Kg3 g5 39.a4 Nf6 40.Ra5 Nxd5 41.Rxd5 Rxe4 42.Rxg5+ Kh6
43.Ra5 Bg7 44.Ra6+ Kg5 45.a5 h4+ 46.Kg2 Bd4 47.Ra8 Re2+ 48.Kh3 Re3+ 49.Kg2 h3+
50.Kh1 Be5 51.Rg8+ Kh4 52.Rg1 Ra3 53.Re1 Rxa5 54.Re4+ Kg3 55.Re3+ Kg4  0-1

[Event "XXXIV Open"]
[Site "La Roda ESP"]
[Date "2007.04.08"]
[Round "8"]
[White "Ivanov,Jo"]
[Black "Koziak,V"]
[Result "0-1"]
[WhiteElo "2381"]
[BlackElo "2461"]

1.d4 Nf6 2.c4 g6 3.Nc3 d5 4.cxd5 Nxd5 5.e4 Nxc3 6.bxc3 Bg7 7.Bc4 c5 8.Ne2 Nc6
9.Be3 O-O 10.O-O Bg4 11.f3 Bd7 12.Rb1 Qc7 13.Bf4 Qc8 14.d5 Na5 15.Bd3 e5
16.Be3 c4 17.Bc2 b6 18.f4 f6 19.Ng3 Nb7 20.Ba4 Bxa4 21.Qxa4 Bh6 22.Rbe1 Nd6
23.Qc2 b5 24.Kh1 exf4 25.Bxf4 Bxf4 26.Rxf4 Qe8 27.Ref1 Qe5 28.h4 a5 29.a3 Rab8
30.Ne2 Rbe8 31.Ng3 Rb8 32.Ne2 f5 33.exf5 Nxf5 34.Rg4 Ne3 35.Rxf8+ Rxf8 36.Re4 Qf5
37.Qb1 Nxd5 38.Kh2 Nf6 39.Ng3 Ng4+ 40.Kh3 Nf2+ 41.Kh2 Qc5 42.Rd4 Nd3 43.Ne4 Qe5+
44.g3 Qf5 45.a4 Ne5 46.Rd6 bxa4 47.Qb7 Ng4+  0-1

[Event "Elitzur Winter"]
[Site "Givataim ISR"]
[Date "2007.04.10"]
[Round "4"]
[White "Iclicki,W"]
[Black "Popilski,G"]
[Result "1/2-1/2"]
[WhiteElo "2177"]
[BlackElo "2193"]

1.d4 Nf6 2.c4 g6 3.Nc3 d5 4.cxd5 Nxd5 5.e4 Nxc3 6.bxc3 Bg7 7.Bc4 c5 8.Ne2 O-O
9.O-O Nc6 10.Be3 Bg4 11.f3 Na5 12.Bxf7+ Rxf7 13.fxg4 Rxf1+ 14.Kxf1 cxd4 15.cxd4 e5
16.Kg1 exd4 17.Bxd4 Bxd4+ 18.Qxd4 Qxd4+ 19.Nxd4 Nc4 20.Nf3 Re8 21.Re1 b5
22.g5 a5 23.e5 Kf7 24.Re4  1/2-1/2

[Event "Elitzur Winter"]
[Site "Givataim ISR"]
[Date "2007.04.10"]
[Round "4"]
[White "Nedobora,M"]
[Black "Baron,Ta"]
[Result "1-0"]
[WhiteElo "2442"]
[BlackElo "2237"]

1.d4 Nf6 2.c4 g6 3.Nc3 d5 4.cxd5 Nxd5 5.e4 Nxc3 6.bxc3 Bg7 7.Nf3 c5 8.Rb1 O-O
9.Be2 b6 10.O-O Bb7 11.Qd3 e6 12.Bg5 Qc7 13.Qe3 Nd7 14.e5 a6 15.Nd2 b5 16.Be7 Rfc8
17.Bd6 cxd4 18.cxd4 Qc3 19.Bd3 Bh6 20.Qxh6 Qxd3 21.Rb3 Rc3 22.Rxc3 Qxc3 23.Nb3 Qc6
24.f3 Nb6 25.Nc5 Re8 26.Ne4 Nd5 27.Nf6+ Nxf6 28.exf6  1-0

[Event "FSIMA April"]
[Site "Budapest HUN"]
[Date "2007.04.12"]
[Round "6"]
[White "Gauri,S"]
[Black "Voiteanu,G"]
[Result "1-0"]
[WhiteElo "2126"]
[BlackElo "2251"]

1.d4 Nf6 2.c4 g6 3.Nc3 d5 4.cxd5 Nxd5 5.e4 Nxc3 6.bxc3 Bg7 7.Nf3 O-O 8.Be2 c5
9.Rb1 cxd4 10.cxd4 Qa5+ 11.Bd2 Qxa2 12.O-O b6 13.Rc1 Bb7 14.e5 Bd5 15.Ra1 Qb3
16.Qc1 Be6 17.Ra3 Qd5 18.Rc3 Qd8 19.Ng5 Bd5 20.Rh3 h6 21.Nf3 h5 22.Bh6 f6
23.Rg3 Be4 24.Nh4 Kh8 25.Bxg7+ Kxg7  1-0

[Event "8th ch-Euro"]
[Site "Dresden GER"]
[Date "2007.04.12"]
[Round "9"]
[White "Kobalia,M"]
[Black "Ftacnik,L"]
[Result "0-1"]
[WhiteElo "2639"]
[BlackElo "2573"]

1.d4 Nf6 2.c4 g6 3.Nc3 d5 4.cxd5 Nxd5 5.e4 Nxc3 6.bxc3 Bg7 7.Bc4 c5 8.Ne2 O-O
9.O-O Nc6 10.Be3 Bd7 11.Bd3 cxd4 12.cxd4 Nb4 13.Bc4 b5 14.Bb3 Nc6 15.Rc1 Na5
16.Bd5 Rc8 17.Rxc8 Bxc8 18.a3 e6 19.Ba2 Bb7 20.f3 Qd6 21.Qc1 Rc8 22.Qb2 Ba6
23.e5 Qe7 24.Rc1 Rxc1+ 25.Qxc1 b4 26.axb4 Qxb4 27.Kf2 Nc4 28.Qc3 Nb2 29.Bb3 Nd3+
30.Kg1 Qb5 31.Ng3 h5 32.Bc2 Nb4 33.h4 Nd5 34.Qd2 Nxe3 35.Qxe3 Qb2 36.Bb3 Bh6
37.f4 Bb7 38.Ne2 a5 39.Kh2 Qa3 40.Qg3 Kf8 41.Bc4 Qb2 42.Qd3 a4 43.Kg3 a3
44.Qc3 Be4 45.Qa5 Kg8 46.Kf2 Bf8 47.g3 Bd3  0-1

[Event "8th ch-Euro"]
[Site "Dresden GER"]
[Date "2007.04.12"]
[Round "9"]
[White "Jahnel,G"]
[Black "Swinkels,R"]
[Result "0-1"]
[WhiteElo "2303"]
[BlackElo "2422"]

1.d4 Nf6 2.c4 g6 3.Nc3 d5 4.cxd5 Nxd5 5.e4 Nxc3 6.bxc3 Bg7 7.Nf3 c5 8.Bb5+ Bd7
9.Rb1 Qa5 10.Bxd7+ Nxd7 11.O-O Nb6 12.Qb3 cxd4 13.cxd4 O-O 14.Ba3 Rfe8 15.Rfc1 e6
16.Rc5 Qa6 17.Rb5 Rac8 18.h4 Nc4 19.Bc5 Na5 20.Qa3 b6 21.e5 Rc6 22.Ng5 Qc8
23.Qf3 Qd7 24.Bd6 Nc4 25.Ne4 Bh8 26.d5 exd5 27.Rxd5 Qe6 28.Ng5 Qf5 29.Rbd1 Qxf3
30.Nxf3 Rcc8 31.g3 h5 32.Kg2 Bg7 33.Re1 Rcd8 34.Red1 Rd7 35.Rc1 Rc8 36.Kh3 b5
37.Ng5 a6 38.f4 f6 39.exf6 Bxf6 40.Ne4 Bg7 41.a4 Re8 42.axb5 Rxe4 43.bxa6 Nxd6
44.a7 Re8 45.Rb1 Bf8 46.f5 gxf5 47.Rb8 Rxa7 48.Rxe8 Nxe8 49.Rxf5 Ng7 50.Rf3 Ra4  0-1

[Event "8th ch-Euro"]
[Site "Dresden GER"]
[Date "2007.04.12"]
[Round "9"]
[White "Kotanjian,T"]
[Black "Safarli,E"]
[Result "1/2-1/2"]
[WhiteElo "2560"]
[BlackElo "2463"]

1.d4 Nf6 2.c4 g6 3.Nc3 d5 4.cxd5 Nxd5 5.e4 Nxc3 6.bxc3 Bg7 7.Be3 c5 8.Rc1 O-O
9.Qd2 cxd4 10.cxd4 Nc6 11.d5 Ne5 12.Be2 b5 13.Nf3 Ng4 14.O-O Nxe3 15.Qxe3 Bd7
16.Rc2 Qa5 17.Rfc1 Rac8 18.Rxc8 Rxc8 19.Rxc8+ Bxc8 20.Qc5 Bg4 21.Qxe7 Bxf3
22.Qe8+ Bf8 23.gxf3 Qe1+ 24.Bf1 Qd2 25.Qb8 b4 26.Qc7 Qd4 27.Kg2 Bc5 28.Qg3 Kg7
29.Ba6 Qf6 30.Bc4 Bd6 31.Qg4 h5 32.Qd7 Qg5+ 33.Kf1 Bxh2 34.d6 Qf6 35.Qxa7 Bxd6
36.Qd7 Be7 37.Kg2 Qg5+ 38.Kh3 Kf8 39.Qc8+ Kg7 40.Qe8 Qf6  1/2-1/2

[Event "Elitzur Winter"]
[Site "Givataim ISR"]
[Date "2007.04.12"]
[Round "6"]
[White "Porat,Ma"]
[Black "Baron,Ta"]
[Result "0-1"]
[WhiteElo "2153"]
[BlackElo "2237"]

1.d4 Nf6 2.c4 g6 3.Nc3 d5 4.cxd5 Nxd5 5.e4 Nxc3 6.bxc3 Bg7 7.Nf3 c5 8.Rb1 O-O
9.Be2 Nc6 10.d5 Ne5 11.Nxe5 Bxe5 12.Qd2 e6 13.f4 Bc7 14.O-O exd5 15.exd5 Ba5
16.d6 Bb6 17.c4 Bf5 18.Rb3 Qd7 19.Bb2 Rae8 20.Bf3 f6 21.Rd1 Kg7 22.h3 h5
23.Ba3 Be4 24.Bxe4 Rxe4 25.Qd5 Qc6 26.d7 Rd8 27.Bb2 Qxd5 28.Rxd5 Rxc4 29.Re3 Kf7
30.Rd6 Rxf4 31.Ree6 c4+ 32.Rxb6 axb6 33.Rd6 c3 34.Bxc3 Ke7 35.Rxb6 Rxd7 36.Bb4+ Kf7
37.a4 h4 38.Bd6 Rxa4 39.Bc5 Ra2  0-1

[Event "2nd Open"]
[Site "d'Angers FRA"]
[Date "2007.04.13"]
[Round "2"]
[White "Bouget,A"]
[Black "Serralta,M"]
[Result "0-1"]
[WhiteElo "1834"]
[BlackElo "2167"]

1.d4 Nf6 2.c4 g6 3.Nc3 d5 4.cxd5 Nxd5 5.e4 Nxc3 6.bxc3 Bg7 7.Be3 c5 8.Bc4 Qa5
9.Bd2 Nc6 10.Ne2 O-O 11.O-O Bd7 12.Rb1 Qc7 13.Bf4 Qc8 14.Be3 a6 15.dxc5 Na5
16.Bb3 Bb5 17.Qc2 Nc4 18.Bxc4 Bxc4 19.Rfc1 Qg4 20.Nd4 f5 21.f3 Qh5 22.Rxb7 fxe4
23.Qxe4 Bd5 24.Qxe7 Rf7 25.Qd6 Be5 26.Rb8+ Rxb8 27.Qxa6 Qxh2+ 28.Kf2 Rb2+
29.Ne2 Rxf3+  0-1

[Event "8th ch-Euro"]
[Site "Dresden GER"]
[Date "2007.04.13"]
[Round "10"]
[White "Nechepurenko,R"]
[Black "Degtiarev,E"]
[Result "1/2-1/2"]
[WhiteElo "2501"]
[BlackElo "2391"]

1.d4 Nf6 2.c4 g6 3.Nc3 d5 4.cxd5 Nxd5 5.e4 Nxc3 6.bxc3 Bg7 7.Bc4 O-O 8.Ne2 Nc6
9.Be3 e5 10.d5 Na5 11.Bd3 c6 12.dxc6 Nxc6 13.Bc4 b6 14.Qxd8 Rxd8 15.Bd5 Bb7
16.O-O-O Na5 17.Bg5 Bxd5 18.Bxd8 Bxe4 19.f3 Bf5 20.g4 Bh6+ 21.g5 Bf8 22.Bf6 Ba3+
23.Kd2 Bh3 24.Rhg1 Bc5 25.Rg3 Be6 26.Ra1 Bf2 27.Rg2 Nc4+ 28.Kd3 Bc5 29.Ng3 Ne3
30.Rd2 e4+ 31.Kxe4 Re8 32.Kf4 Nd5+ 33.Rxd5 Bxd5 34.Ne4 Kf8 35.Nxc5 bxc5 36.a3 Rb8
37.Rd1 Be6 38.Rd6 Ke8 39.a4 Bd7 40.a5 Rb5 41.Ra6 Rb7 42.c4 Be6 43.Rd6 Rb8
44.Rc6 Kd7 45.Rxc5 Rb4 46.Bd4 a6  1/2-1/2

[Event "8th ch-Euro w"]
[Site "Dresden GER"]
[Date "2007.04.13"]
[Round "10"]
[White "Sharevich,A"]
[Black "Khudaverdieva,A"]
[Result "1/2-1/2"]
[WhiteElo "2323"]
[BlackElo "2163"]

1.d4 Nf6 2.c4 g6 3.Nc3 d5 4.cxd5 Nxd5 5.e4 Nxc3 6.bxc3 Bg7 7.Ba3 Nd7 8.Nf3 c5
9.Bc4 O-O 10.O-O Qc7 11.Qb3 h6 12.e5 Nb6 13.Nd2 Nxc4 14.Qxc4 b6 15.f4 Rd8
16.Nf3 Be6 17.Qe2 Rac8 18.Rfe1 Qd7 19.dxc5 Qa4  1/2-1/2

[Event "8th ch-Euro"]
[Site "Dresden GER"]
[Date "2007.04.13"]
[Round "10"]
[White "Cheparinov,I"]
[Black "Petrosian,TL"]
[Result "1-0"]
[WhiteElo "2646"]
[BlackElo "2580"]

1.d4 Nf6 2.c4 g6 3.Nc3 d5 4.cxd5 Nxd5 5.e4 Nxc3 6.bxc3 Bg7 7.Bc4 O-O 8.Ne2 b6
9.h4 e5 10.h5 exd4 11.hxg6 hxg6 12.cxd4 Qe7 13.Qd3 Re8 14.Bh6 Be6 15.d5 Bd7
16.Bxg7 Kxg7 17.Ng3 Qf6 18.Rc1 b5 19.Bb3 Na6 20.Qe3 Kg8 21.f4 c5 22.e5 c4
23.Ne4 Qg7 24.Bc2 Nb4 25.Qd4 Bf5 26.Kf2 Rad8 27.Nf6+ Qxf6 28.exf6 Rxd5 29.Qc3 Nxa2
30.Qa5 Nxc1 31.Rxc1 Bxc2 32.Rxc2 Rf5 33.Kf3 Rxf6 34.Qxb5 Rfe6 35.Qxc4 Re3+
36.Kg4 R8e4 37.Qa2 Kg7 38.Rc7  1-0

[Event "8th ch-Euro"]
[Site "Dresden GER"]
[Date "2007.04.13"]
[Round "10"]
[White "Minescu,D"]
[Black "Giemsa,S"]
[Result "1/2-1/2"]
[WhiteElo "2152"]
[BlackElo "2286"]

1.c4 Nf6 2.Nc3 d5 3.cxd5 Nxd5 4.d4 g6 5.e4 Nxc3 6.bxc3 Bg7 7.Be3 c5 8.Bc4 O-O
9.Ne2 Nc6 10.O-O cxd4 11.cxd4 Na5 12.Bd3 b6 13.Rc1 e6 14.Qd2 Bb7 15.Bh6 Qe7
16.Bxg7 Kxg7 17.Rc2 Qd7 18.Qb4 Rac8 19.Rxc8 Qxc8 20.f3 Ba6 21.Bxa6 Qxa6 22.Kf2 Qd3
23.Qc3 Qxc3  1/2-1/2

[Event "8th ch-Euro T/B Qualification"]
[Site "Dresden GER"]
[Date "2007.04.15"]
[Round "1.1"]
[White "Volkov,Sergey1"]
[Black "Kurnosov,I"]
[Result "1-0"]
[WhiteElo "2640"]
[BlackElo "2566"]

1.d4 Nf6 2.c4 g6 3.Nc3 d5 4.cxd5 Nxd5 5.e4 Nxc3 6.bxc3 Bg7 7.Qa4+ Qd7 8.Qb3 O-O
9.Be3 b6 10.Rd1 Bb7 11.f3 Nc6 12.Bb5 Rfd8 13.Ne2 Na5 14.Qb4 c6 15.Bd3 Rac8
16.O-O Qc7 17.Qa3 c5 18.d5 e6 19.c4 Ba6 20.Qc1 exd5 21.exd5 Re8 22.Bd2 Qd7
23.Bxa5 bxa5 24.Qa3 a4 25.Nc3 Re3 26.Rfe1 Qe7 27.Kf1 Re8 28.Ne4 Rxe1+ 29.Rxe1 Bd4
30.Nf6+ Qxf6 31.Rxe8+ Kg7 32.Re4 Bc8 33.Qxa4 Bf5 34.Rxd4 Qxd4 35.Bxf5 gxf5
36.Qc2 f4 37.g3 fxg3 38.hxg3 h5 39.Kg2 h4 40.gxh4 Qxh4 41.Qd2 Kf8 42.d6 Ke8
43.Qe3+ Kd7 44.Qxc5 Ke6 45.Qd5+ Kd7 46.c5 Qd4 47.Qxd4  1-0

[Event "FSIMA April"]
[Site "Budapest HUN"]
[Date "2007.04.16"]
[Round "10"]
[White "Petran,Pa"]
[Black "Voiteanu,G"]
[Result "1/2-1/2"]
[WhiteElo "2389"]
[BlackElo "2251"]

1.d4 Nf6 2.c4 g6 3.Nc3 d5 4.cxd5 Nxd5 5.e4 Nxc3 6.bxc3 Bg7 7.Bc4 O-O 8.Ne2 c5
9.O-O Nc6 10.Be3 Bg4 11.f3 cxd4 12.cxd4 Na5 13.Bd3 Be6 14.d5 Bxa1 15.Qxa1 f6
16.Qd4 Bd7 17.e5 e6 18.Bh6 Rf7 19.Nf4 fxe5 20.Qxe5 exd5 21.Nxd5 Bc6 22.Nf4  1/2-1/2

[Event "Open"]
[Site "Metz FRA"]
[Date "2007.04.18"]
[Round "5"]
[White "Clery,N"]
[Black "Lalic,B"]
[Result "1/2-1/2"]
[WhiteElo "2349"]
[BlackElo "2519"]

1.d4 Nf6 2.c4 g6 3.Nc3 d5 4.cxd5 Nxd5 5.e4 Nxc3 6.bxc3 Bg7 7.Bc4 c5 8.Ne2 Nc6
9.Be3 O-O 10.O-O Bg4 11.f3 Na5 12.Bd3 cxd4 13.cxd4 Be6 14.d5 Bxa1 15.Qxa1 f6
16.Qd4 Bf7 17.Bh6 Re8  1/2-1/2

[Event "TCh-UKR"]
[Site "Alushta UKR"]
[Date "2007.04.22"]
[Round "1"]
[White "Zubov,A UKR"]
[Black "Kovchan,A"]
[Result "1/2-1/2"]
[WhiteElo "2542"]
[BlackElo "2527"]

1.d4 Nf6 2.c4 g6 3.Nc3 d5 4.cxd5 Nxd5 5.e4 Nxc3 6.bxc3 Bg7 7.Bb5+ Bd7 8.Be2 c5
9.Nf3 Nc6 10.d5 Ne5  1/2-1/2

[Event "Abierto"]
[Site "Berazategui ARG"]
[Date "2007.04.22"]
[Round "7"]
[White "Kovalyov,A"]
[Black "Barrionuevo,P"]
[Result "1-0"]
[WhiteElo "2483"]
[BlackElo "2301"]

1.c4 Nf6 2.Nc3 d5 3.cxd5 Nxd5 4.d4 g6 5.e4 Nxc3 6.bxc3 Bg7 7.Bg5 c5 8.Rc1 cxd4
9.cxd4 O-O 10.Nf3 Bg4 11.d5 Nd7 12.Be2 Nf6 13.h3 Bd7 14.Bd3 h6 15.Bf4 e6
16.Bc7 Qe8 17.Bd6 Nxe4 18.Bxe4 exd5 19.Qxd5 Rd8 20.O-O Bc6 21.Qc5 Rxd6 22.Qxd6 Qxe4
23.Qa3 a6 24.Rfe1 Qf5 25.Re3 Rd8 26.Rce1 Bf6 27.Qb4 Kg7 28.Ne5 Bd5 29.Ng4 Bg5
30.Qb2+ Bf6 31.Nxf6 Qxf6 32.Qxf6+ Kxf6 33.Rd1 Rd7 34.Re8 Bc6 35.Rxd7 Bxd7
36.Rb8 Bc6 37.f3 h5 38.h4 Ke5 39.Kf2 Kd4 40.Rd8+ Ke5 41.Ke3 Kf5 42.g3 Ke5
43.Rd2 Kf5 44.Rc2 Kf6 45.Kf4 Bb5 46.Rd2 Bc6 47.Rd4 Bb5 48.a4 Bc6 49.a5 Bb5
50.Rd6+ Ke7 51.Ke5 Be2 52.Rf6 Bb5 53.Rd6 Be2 54.f4 Bf3 55.Rf6 Bg4 56.Rb6 Bf3
57.f5 gxf5 58.Kxf5 Kd7 59.Kf6 Kc7 60.Kxf7 Bg4 61.Ke7 Bf3 62.Rb4 Be2 63.Rb2 Bf3
64.Rc2+ Kb8 65.Kd6 Bg4 66.Rf2 Bd1 67.Kc5 Kc7  1-0

[Event "FMA Masters"]
[Site "Madrid ESP"]
[Date "2007.04.25"]
[Round "9"]
[White "Hernandez Carmenates,Hold"]
[Black "Llaneza Vega,M"]
[Result "1/2-1/2"]
[WhiteElo "2541"]
[BlackElo "2455"]

1.d4 Nf6 2.c4 g6 3.Nc3 d5 4.cxd5 Nxd5 5.e4 Nxc3 6.bxc3 Bg7 7.Bc4 c5 8.Ne2 O-O
9.O-O Nc6 10.Be3 Bg4 11.f3 Na5 12.Bd3 cxd4 13.cxd4 Be6 14.d5 Bxa1 15.Qxa1 f6
16.Qd4 Bd7 17.e5 e6 18.h4 exd5 19.Qxd5+ Kh8 20.exf6 Bf5 21.Qxd8 Rfxd8 22.Bxf5 gxf5
23.Ng3 Rd5 24.Rc1 Nc6 25.Rc5 Rxc5 26.Bxc5 Kg8 27.Nxf5 Kf7 28.Nd6+ Kxf6 29.Nxb7 Rb8
30.Nd6 Rb2 31.a3 Ke6 32.Ne4 h5 33.Ng3 Rb5 34.Be3 Rb3 35.Bc5 Rb5 36.Ne4 Rb2
37.Kh2 a5 38.Kh3 Ne5 39.Ng3 Nd3 40.Be3 Ne1 41.Nxh5 Nxg2 42.Bg5 Ne1 43.Kg4 Rb3
44.Bd2 Nxf3 45.Bxa5 Nh2+ 46.Kf4 Rxa3 47.Bd8 Kf7 48.Kf5 Ra8 49.Bg5 Ra5+ 50.Ke4 Ra4+
51.Kf5 Nf3 52.Nf4 Ra5+ 53.Kg4 Ne5+ 54.Kf5 Nd7+ 55.Kg4 Nf6+ 56.Bxf6 Kxf6 57.Nh5+ Kg6  1/2-1/2

[Event "9th Open"]
[Site "Dubai UAE"]
[Date "2007.04.29"]
[Round "8"]
[White "Kotanjian,T"]
[Black "Pantsulaia,L"]
[Result "0-1"]
[WhiteElo "2560"]
[BlackElo "2616"]

1.d4 Nf6 2.c4 g6 3.Nc3 d5 4.cxd5 Nxd5 5.e4 Nxc3 6.bxc3 Bg7 7.Be3 c5 8.Rc1 O-O
9.Nf3 Qa5 10.Qd2 cxd4 11.cxd4 Qxd2+ 12.Bxd2 Bg4 13.Be3 Nc6 14.d5 Bxf3 15.gxf3 Nd4
16.Bg2 Rfc8 17.Kd2 e6 18.Kd3 exd5 19.Bxd4 dxe4+ 20.fxe4 Rd8 21.e5 Bxe5 22.Rc4 b5
23.Kc3 Rac8 24.Bxe5 Rxc4+ 25.Kb2 Rd2+ 26.Kb1 Re2 27.Bg3 Rb4+ 28.Ka1 Rbb2
29.Bd5 Rbd2 30.Bb3 Rd7 31.Rc1 a5 32.Rc5 Rdd2 33.Kb1 Re1+ 34.Rc1 Ree2 35.Bf4 Rxf2
36.Bxd2 Rxd2 37.Rc2 Rd1+ 38.Kb2 Kg7 39.Re2 Rd4 40.Kc3 Rf4 41.Bc2 Rc4+ 42.Kd3 h5
43.Re4 Rc5 44.Bb3 Rf5 45.Ke3 g5 46.h3 Kf6 47.Bd1 Rf1 48.Kd2 Rh1 49.Re3 Rh2+
50.Be2 b4 51.Ke1 a4 52.Kf1 b3 53.axb3 a3 54.Bf3 Rxh3 55.b4 a2 56.Ra3 Ke5  0-1

[Event "I Open Casino"]
[Site "Lugano SUI"]
[Date "2007.05.01"]
[Round "5"]
[White "Vozza,N"]
[Black "Ficco,C"]
[Result "0-1"]
[WhiteElo "1995"]
[BlackElo "2181"]

1.d4 g6 2.c4 Nf6 3.Nc3 d5 4.cxd5 Nxd5 5.e4 Nxc3 6.bxc3 Bg7 7.Nf3 c5 8.Rb1 O-O
9.Be2 Qc7 10.O-O b6 11.Bb2 e6 12.d5 exd5 13.exd5 Bf5 14.c4 Bxb1 15.Bxg7 Kxg7
16.Qxb1 Nd7 17.Qb2+ Kg8 18.Rd1 Qd6 19.Ng5 Rfe8 20.Bg4 Rad8 21.Qa1 Qf6 22.Qc1 h6
23.Nh3 Ne5 24.Be2 Kg7 25.f4 Nd7 26.Bf3 Qd6 27.g4 f6 28.g5 hxg5 29.fxg5 Qe5
30.gxf6+ Kxf6 31.Nf2 Kf7 32.Ng4 Qd6 33.Rf1 Kg8 34.Nh6+ Kg7 35.Bh5 Rf8 36.Nf5+ gxf5
37.Qg5+ Kh8 38.Kh1 Qf6 39.Qe3 f4 40.Qh3 Qh6 41.Qc3+ Nf6 42.Rf3 Qg5 43.Rh3 Kg7
44.Bd1 Rh8 45.Rf3 Qh5 46.Qd2 Rde8  0-1

[Event "25th Liechtenstein Open"]
[Site "Triesen LIE"]
[Date "2007.05.11"]
[Round "1"]
[White "Simon,Er"]
[Black "Luther,T"]
[Result "0-1"]
[WhiteElo "2125"]
[BlackElo "2586"]

1.d4 Nf6 2.c4 g6 3.Nc3 d5 4.cxd5 Nxd5 5.e4 Nxc3 6.bxc3 Bg7 7.Be3 c5 8.Qd2 Qa5
9.Bc4 O-O 10.Ne2 Rd8 11.Rd1 Nc6 12.O-O b5 13.Bd5 Bb7 14.Bxc6 Bxc6 15.d5 e6
16.c4 Qa6 17.Qc2 Bd7 18.dxe6 Bxe6 19.cxb5 Qxa2 20.Qxa2 Bxa2 21.Rc1 c4 22.Nc3 Bb3
23.Nd5 Rd7 24.Bd2 Rb8 25.Bc3 Rxb5 26.Nf6+ Bxf6 27.Bxf6 a5 28.Rfe1 a4 29.Bc3 a3
30.g3 a2 31.Kf1 Kf8 32.e5 Ke7 33.Ke2 Rd3 34.Kf1 Ke6 35.Ke2 Rb7 36.Kf1 Ba4
37.Ba1 Rb4 38.Ke2 Bb5 39.f4 Kf5 40.Kf2 Rd2+ 41.Kg1 Rb3 42.e6 fxe6 43.Re5+ Kg4  0-1